000 00402nam a2200145Ia 4500
008 211109s9999||||xx |||||||||||||| ||und||
082 _a894.8121
_bGOV-K
100 _aGovindan Kutty Nair, Ullattil
245 0 _aKaviyaswadhanam
260 _bP K Brother
_aKozhikode
_c1956
300 _a133p.
630 _xGeneral Stack
650 _aMalayalam Poetry
_vMalayalam Literature
_xGeneralia
942 _cBOOK
999 _c22631
_d22631